Ч. 2 : Специальные вопросы; Гидравлика, гидрология, гидрометрия

Detalhes bibliográficos
Parent link:Гидравлика, гидрология, гидрометрия: учебное пособие: в 2 частях/ Н. М. Константинов, Н. А. Петров, Л. И. Высоцкий; под ред. Н. М. Константинова. Ч. 2 : Специальные вопросы.— , 1987
Idioma:russo
Publicado em: 1987
Assuntos:
Formato: Livro
KOHA link:https://koha.lib.tpu.ru/cgi-bin/koha/opac-detail.pl?biblionumber=34350

MARC

LEADER 00000nam2a2200000 4500
001 34350
005 20231030225013.0
035 |a (RuTPU)RU\TPU\book\34741 
035 |a BOOK00001392 
090 |a 34350 
100 |a 20011210d1987 m y0rusy50 ca 
101 0 |a rus 
102 |a RU 
105 |a y j 000zy 
200 0 |a Ч. 2 : Специальные вопросы 
210 |d 1987 
215 |a 431 с. 
461 1 |0 (RuTPU)RU\TPU\book\34740  |t Гидравлика, гидрология, гидрометрия  |o учебное пособие: в 2 частях  |f Н. М. Константинов, Н. А. Петров, Л. И. Высоцкий  |g под ред. Н. М. Константинова  |v Ч. 2 : Специальные вопросы  |d 1987 
610 1 |a гидравлика 
610 1 |a гидрология 
610 1 |a гидрометрия 
610 1 |a гидравлические прыжки 
610 1 |a сопряжение бьефов 
610 1 |a водосливы 
610 1 |a примеры 
610 1 |a учебные пособия 
675 |a 532(075.8)  |v 3 
675 |a 556(075.8)  |v 3 
801 0 |a RU  |b 63413507  |c 20011210  |g PSBO 
801 2 |a RU  |b 63413507  |c 20150206  |g PSBO 
900 |a Гидравлика, гидрология, гидрометрия 
900 |a Основы гидравлики, гидрологии и гидрометрии 
942 |c BK